LIBRARY & INFORMATION CENTRE, KCAET, TAVANUR

ONLINE PUBLIC ACCESS CATALOGUE (OPAC)

Machines for moving the earth / (Record no. 7378)

MARC details
000 -LEADER
fixed length control field 00554cam a2200217ua 4500
020 ## - INTERNATIONAL STANDARD BOOK NUMBER
ISBN 81 205 6038 5
041 ## - LANGUAGE CODE
Language code of text/sound track or separate title eng
082 ## - DEWEY DECIMAL CLASSIFICATION NUMBER
Classification number 631.37
Item number ZEL/MA
100 ## - MAIN ENTRY--AUTHOR NAME
Personal name Zelenin, A N .
245 ## - TITLE STATEMENT
Title Machines for moving the earth /
250 ## - EDITION STATEMENT
Edition statement 1 /
260 ## - PUBLICATION, DISTRIBUTION, ETC. (IMPRINT)
Place of publication New Delhi :
Name of publisher Oxonian Press Pvt Ltd ,
Year of publication 1986.
300 ## - PHYSICAL DESCRIPTION
Number of Pages 555 ; .
700 1# - ADDED ENTRY--PERSONAL NAME
Personal name Balovnev, V I .
700 1# - ADDED ENTRY--PERSONAL NAME
Personal name Kerov, I P .
942 ## - ADDED ENTRY ELEMENTS (KOHA)
Koha item type Books
Holdings
Withdrawn status Lost status Damaged status Home library Current library Date acquired Full call number Accession Number Koha item type
      KAUAET KAUAET 28/03/1987 631.37 16308 Books
      KAUAET KAUAET 07/04/2012 631.37 17716 Books
free website counter